000 01631nam a2200505 i 4500
001 2509
003 KOSZ 005
005 20230109141426.0
008 981118s1985 pl a |000 0 pol
015 _aUWD 1985/8546
020 _a8320406706
035 _a991008348339705066
035 _a(PL-WaBN)b12154660-48omnis_nlop
035 _ab12154660
035 _a(OCoLC)830183656
035 _a(PL)b0000001215466
035 _a(EXLNZ-48OMNIS_NETWORK)9910487622105606
040 _aWA N
_cWA N
_dKR U
_dKOSZ 005/HR
041 0 _apol
080 _a664.8/.9
080 _a621.56/.59
080 _a(075.8)
100 1 _aPostolski, Jacek
_eAutor
245 1 0 _aZamrażanie żywności /
_cJacek Postolski, Zbigniew Gruda.
250 _aWyd. 2 zm.
260 _aWarszawa :
_bWydawnictwa Naukowo-Techniczne,
_c1985.
300 _a515, [1] s. :
_bfot., rys., wykr. ;
_c25 cm.
336 _aTekst
_btxt
_2rdacontent
337 _aBez urządzenia pośredniczącego
_bn
_2rdamedia
338 _aWolumin
_bnc
_2rdacarrier
380 _aKsiążki
388 _a1901-2000
388 _a1989-2000
650 7 _aKonserwacja żywności
_2DBN
650 7 _aMrożonki
_2DBN
650 7 _aTechnologia żywności
650 7 _aUrządzenia chłodnicze
658 _aInżynieria i technika
658 _aRolnictwo i leśnictwo
700 1 _aGruda, Zbigniew
_eAutor
710 2 _aWydawnictwa Naukowo-Techniczne
_4pbl
856 _uhttp://koha.tu.koszalin.pl/cgi-bin/koha/opac-detail.pl?biblionumber=2509
_yKatalog online BPK
942 _2UKD
_cKS
999 _c2509
_d2509